Rock Game Quiz Stats

 Plays Quiz Updated Nov 26, 2018

Support Sporcle.
Go Orange.
Score 0/24 Timer 07:00
0 Plays Today
Hint Answer % Correct
2003 Jack Black movie (Comedy)School of Rock
84.5%
Chain of musically themed bar-restaurantsHard Rock Café
80.8%
Capital of ArkansasLittle Rock
79.1%
NBC Tina Fey TV series30 Rock
78.2%
Stand-up comedian who starred in 'The Longest Yard' and 'Madagascar'Chris Rock
77.8%
Pamela Anderson ex-husband and rapperKid Rock
68.3%
New England historical site of disembarkation for the Mayflower PilgrimsPlymouth Rock
67.6%
NBC John Lithgow TV series3rd Rock from the Sun
64.3%
1977 Queen songWe Will Rock You
62.7%
1957 Elvis Presley hit songJailhouse Rock
61.5%
Popular Electronic Arts video game seriesRock Band
52.8%
Simba's home in 'The Lion King'Pride Rock
48.9%
Hint Answer % Correct
Jim Henson children's television seriesFraggle Rock
47.8%
Saturday morning educational cartoon series from ABCSchoolhouse Rock
41.2%
2008 Jonas Brothers Disney Channel Original movieCamp Rock
38.5%
Large land mass bordering Spain that is the corporate logo of Prudential FinancialRock of Gibraltar
35.5%
Classic movie star of the movies 'Giant', 'Strange Bedfellows' and 'Seconds'Rock Hudson
34.6%
Popular Christian gospel hymn or 1983 Def Leppard hit songRock of Ages
31.3%
1986 Falco hit songRock Me Amadeus
26.1%
Large sandstone formation found in AustraliaAyers Rock
24.3%
2001 Mark Wahlberg movie (Romantic Comedy)Rock Star
24.2%
1992 Rebecca De Mornay movie (Thriller)The Hand that Rocks the Cradle
20.8%
AC/DC's eighth studio albumFor Those About to Rock We Salute You
18.2%
Annual music festival featuring bands such as Judas Priest, Scorpions, and AC/DCMonsters of Rock
5.3%

From the Vault

Famous... with a Bow Tie!

by googlebird

Bow ties are just much more exciting than the regular sort.
Remove Ads.
Support Sporcle.
Get the best of Sporcle when you Go Orange. This ad-free experience offers more features, more stats, and more fun while also helping to support Sporcle. Thank you for becoming a member.

Show Comments

Extras

Top Quizzes Today


Score Distribution

Your Account Isn't Verified!

In order to create a playlist on Sporcle, you need to verify the email address you used during registration. Go to your Sporcle Settings to finish the process.

Report this User

Report this user for behavior that violates our Community Guidelines.

Details: